| 000 | 00799nam a22002057a 4500 | ||
|---|---|---|---|
| 005 | 20250606153325.0 | ||
| 010 | _aHIN-12971 | ||
| 020 |
_c2285.00 _a9789356365162 |
||
| 035 | _aHN-102137 | ||
| 037 | _bDBAD/PUB | ||
| 082 | _a821 | ||
| 100 |
_aशर्मा ,मदन 'सुधाकर _981763 |
||
| 245 |
_aयुगान्तर अमर कवीश्वर है / _cमदन शर्मा 'सुधाकर ' |
||
| 250 | _aप्रथम | ||
| 260 |
_aमेरठ _bडोकवाल प्रकाशन _c2022 |
||
| 270 | _aडोकवाल भवन ,38 /4,अजंता कॉलोनी गढ़ रोड | ||
| 300 |
_a284पृ.; _c24 सेमी (सजिल्द) |
||
| 710 | _959840 | ||
| 942 |
_2ddc _cHN _mसुधाक _h821 |
||
| 999 |
_c211643 _d211643 |
||